00693nam a22001937a 4500003000900000008004100009040007100050082002200121100003600143245003700179260007300216300002800289505004700317650001400364650002500378650001600403650002200419710005800441AR-CdUCM190408b ||||| |||| 00| 0 spa d aMUNICIPALIDAD PROVINCIAL DEL CUSCOcBIBLIOTECA MUNICIPAL DEL CUSCO aTS / 461.4 /bS19 aSamanez Flórez, David Ignacio aDidáctica de la ortografía / aCusco :bUniversidad Nacional de "San Antonio Abad " del Cuscoc1976 a174 páginas ;c21 cm. aContenido: Didáctica de la ortografía. aOtografia aSistema de Escritura aFonología aLengua Española aUniversidad Nacional de "San Antonio Abad " del Cusco